Представление документа в формате MARC21

Поле Инд. ПП Название Значение
Тип записи a
Библиографический уровень a
001 Контрольный номер 7a337846ada447c3bdfa6a2c27f07aa4
005 Дата корректировки 20220926092400.6
040 a Служба первич. каталог. НБ ТвГУ
b Код языка каталог. rus
e Правила каталог. PSBO
041 0_ a Код языка текста rus
097 b Оператор Komarova.ES
100 1_ a Автор Петухова Л. В.
245 10 a Заглавие Анатомические особенности горца змеиного
260 a Место издания Калинин
b Издательство Калининский государственный университет
504 a Библиография Библиогр.: с. 127 (8 назв.)
520 0_ a Аннотация Статья посвящена анатомическим особенностям горца змеиного.
653 0_ a Ключевые слова Калинин, город
a Ключевые слова Труды Тверского государственного университета
a Ключевые слова Растения
a Ключевые слова Анатомические особенности горца змеиного
a Ключевые слова Корневище
a Ключевые слова Онтоморфогенез
700 12 a Другие авторы Петухова О. Б.
773 18 w Контрольный № источника RU/IS/BASE/448384713
t Название источника Флора и растительность южной тайги
d Место и дата издания Калинин : Калининский государственный университет, 1989
g Прочая информация С. 123-127
901 t Тип документа a
920 a Оператор Кома
954 b Дата поступления в ОК 20220926